000 00471nam a2200193Ia 4500
003 OSt
005 20220928144148.0
006 a|||||r|||| 00| 0
007 ta
008 220927b |||||||| |||| 00| 0 eng d
024 _a59094
037 _cTextual
040 _aSDCL
_cSDCL
_beng
041 _2eng
_aeng
245 0 _aEncyclopaedia Britannica,2009 ultimate reference suite DVD with 3 CDs
260 _c2007
942 _cTEXL
_2CC
999 _c826557
_d826557